000 00414nam a22001457a 4500
082 _a694
_bDUR
_cL-24, P-6
100 _aDurbahn, Walter E.
_945479
245 _aFundamentals of carpentry
260 _aUSA
_bAmerican technical society
_c1970
300 _axi, 336 p.
_billus.
526 _a0
_b0
_c0
_d694_000000000000000_DUR
526 _a0
_b0
_c0
_d694_000000000000000_DUR
650 _aMCE
_9379
942 _2ddc
_cBK
999 _c548992
_d548992